| 000 | 00443nam a2200169 a 4500 | ||
|---|---|---|---|
| 003 | Co-PeBPM | ||
| 005 | 20240722152833.0 | ||
| 008 | 231129s1997||||xx |||||||||||||| ||spa|| | ||
| 020 | _a958-30-0351-4 | ||
| 040 |
_bspa _cCo-PeBPM |
||
| 082 | _a(i) Co863.08 C212r | ||
| 100 | _aCanal Ramirez Gonzalo | ||
| 245 | 0 | _aRelatos para muchachos | |
| 260 | _c1997 | ||
| 264 | _aPanamericana | ||
| 942 |
_2ddc _cBKS |
||
| 999 |
_c23949 _d23949 |
||